000
00237nam a2200097Ia 4500
001
986456
005
20250826221101.0
008
250824s9999 xx 000 0 und d
245
0
_a
HAYVANLARIN ABC Sİ
_c
BİLGİN ADALI
260
_b
HEP KİTAP
999
_c
986456
_d
986456